000 00774nam a2200265Ia 4500
001 9643
005 20240113234220.0
007 ta
008 050727s1956 a g b000 u eng u
040 _aCotton College,Assam
041 _aeng
082 _a891.420
_bIn 2 In
110 _aMinistry of Information and Broadcasting .
_c(Govt. of India )
245 0 _aIndian Drama /
_cMinistry of Information and Broadcasting.
_hTextual Documents
250 _a1st ed. /
260 _aIndia :
_bMinistry of Information and Broadcasting ,
_c1956.
300 _a120p. :
_bill. ;
_c22cm .
653 _aAssamese Drama-India
653 _aIndian Drama
653 _aDrama-India
653 _aMS-Assamese
942 _2ddc
_cBK
999 _c9630
_d9630